<?xml version="1.0" encoding="UTF-8"?>
<record
    xmlns:xsi="http://www.w3.org/2001/XMLSchema-instance"
    xsi:schemaLocation="http://www.loc.gov/MARC21/slim http://www.loc.gov/standards/marcxml/schema/MARC21slim.xsd"
    xmlns="http://www.loc.gov/MARC21/slim">

  <leader>05060nam a2200493 i 4500</leader>
  <controlfield tag="001">60953</controlfield>
  <controlfield tag="003">FINmELB</controlfield>
  <controlfield tag="005">20241217142129.0</controlfield>
  <controlfield tag="006">m     o  u        </controlfield>
  <controlfield tag="007">cr cn|||||||||</controlfield>
  <controlfield tag="008">220303s2020    ck      ob    000 0 spa d</controlfield>
  <datafield tag="020" ind1=" " ind2=" ">
    <subfield code="a">978-958-789-254-3</subfield>
    <subfield code="q">(e-book)</subfield>
  </datafield>
  <datafield tag="020" ind1=" " ind2=" ">
    <subfield code="z">978-958-789-253-6</subfield>
  </datafield>
  <datafield tag="035" ind1=" " ind2=" ">
    <subfield code="a">(OCoLC)1304902138</subfield>
  </datafield>
  <datafield tag="040" ind1=" " ind2=" ">
    <subfield code="a">FINmELB</subfield>
    <subfield code="b">spa</subfield>
    <subfield code="e">rda</subfield>
    <subfield code="c">FINmELB</subfield>
  </datafield>
  <datafield tag="050" ind1=" " ind2="4">
    <subfield code="a">DT19.9.C37</subfield>
    <subfield code="b">G478 2020</subfield>
  </datafield>
  <datafield tag="082" ind1="0" ind2="4">
    <subfield code="a">303.769</subfield>
    <subfield code="2">23</subfield>
  </datafield>
  <datafield tag="245" ind1="0" ind2="0">
    <subfield code="a">Gestion administrativa local y paz territorial :</subfield>
    <subfield code="b">un an&#xE1;lisis de las subregiones PDET en el Caribe Columbiano /</subfield>
    <subfield code="c">Luis Fernando Trejos Rosero [y otros tres].</subfield>
  </datafield>
  <datafield tag="264" ind1=" " ind2="1">
    <subfield code="a">Barranquilla, Colombia :</subfield>
    <subfield code="b">Editorial Universidad del Norte,</subfield>
    <subfield code="c">2020.</subfield>
  </datafield>
  <datafield tag="300" ind1=" " ind2=" ">
    <subfield code="a">1 recurso en l&#xED;nea (184 p&#xE1;ginas)</subfield>
  </datafield>
  <datafield tag="336" ind1=" " ind2=" ">
    <subfield code="a">texto</subfield>
    <subfield code="b">txt</subfield>
    <subfield code="2">rdacontent/spa</subfield>
  </datafield>
  <datafield tag="337" ind1=" " ind2=" ">
    <subfield code="a">computadora</subfield>
    <subfield code="b">c</subfield>
    <subfield code="2">rdamedia/spa</subfield>
  </datafield>
  <datafield tag="338" ind1=" " ind2=" ">
    <subfield code="a">recurso en l&#xED;nea</subfield>
    <subfield code="b">cr</subfield>
    <subfield code="2">rdacarrier/spa</subfield>
  </datafield>
  <datafield tag="504" ind1=" " ind2=" ">
    <subfield code="a">Incluye referencias bibliogr&#xE1;ficas (p&#xE1;ginas 163-184).</subfield>
  </datafield>
  <datafield tag="505" ind1="0" ind2=" ">
    <subfield code="a">P&#xC1;GINA LEGAL -- LOS AUTORES -- CONTENIDO -- PRESENTACI&#xD3;N -- PRIMERA PARTE- GOBIERNOS LOCALES Y GESTI&#xD3;N ADMINISTRATIVA DE LA PAZ -- CAP&#xCD;TULO 1: LAS DIFICULTADES MATERIALES DE LA TERRITORIALIZACI&#xD3;N DE LA ACCI&#xD3;N P&#xDA;BLICA -- CAP&#xCD;TULO 2: PRESENCIA DIFERENCIADA DEL ESTADO Y MERCADOS DE VIOLENCIA: REFLEXIONES COMPLEMENTARIAS -- CAP&#xCD;TULO 3: GESTI&#xD3;N P&#xDA;BLICA Y CAPACIDAD INSTITUCIONAL DE LAS ADMINISTRACIONES LOCALES -- CAP&#xCD;TULO 4: ZONAS VEREDALES Y PUNTOS TRANSITORIOS DE NORMALIZACI&#xD3;N: PRIMER ESLAB&#xD3;N PARA LA MATERIALIZACI&#xD3;N DE LA PAZ TERRITORIAL -- SEGUNDA PARTE- DESAF&#xCD;OS Y AMENAZAS A LA CONSTRUCCI&#xD3;N DE LA PAZ TERRITORIAL EN EL CARIBE COLOMBIANO POR MEDIO DE LA IMPLEMENTACI&#xD3;N DE LOS PDET -- CAP&#xCD;TULO 5: PROGRAMAS DE DESARROLLO CON ENFOQUE TERRITORIAL EN EL CARIBE: ENTRE LA VIOLENCIA Y EL INCUMPLIMIENTO DEL ESTADO -- CAP&#xCD;TULO 6: AN&#xC1;LISIS DE LAS CUATRO SUBREGIONES PRIORIZADAS EN EL CARIBE COLOMBIANO: &#xBF;C&#xD3;MO EVALUAR LAS CONDICIONES PARA EL POSCONFLICTO? -- CAP&#xCD;TULO 7: LA VIOLENCIA EN EL CARIBE COLOMBIANO: APROXIMACI&#xD3;N HIST&#xD3;RICA -- CAP&#xCD;TULO 8: MONTES DE MAR&#xCD;A: &#xBF;PELIGRA LA RECONCILIACI&#xD3;N? -- CAP&#xCD;TULO 9: SIERRA NEVADA, PERIJ&#xC1; Y ZONA BANANERA: &#xBF;EL REGRESO DE LA VIOLENCIA ARMADA? -- CAP&#xCD;TULO 10: SUR DE BOL&#xCD;VAR: UNA TENSA CALMA PRODUCTO DE LA PAZ MAFIOSA -- CAP&#xCD;TULO 11: SUR DE C&#xD3;RDOBA: LA PAZ QUE NUNCA LLEG&#xD3; -- CAP&#xCD;TULO 12: CONCLUSIONES CON RESPECTO A PLANES DE ACCI&#xD3;N PARA LA TRANSFORMACI&#xD3;N REGIONAL COMO MEDIO INSTITUCIONAL DE CONSTRUCCI&#xD3;N DE PAZ TERRITORIAL -- A MODO DE CONCLUSIONES- SUGERENCIAS T&#xC9;CNICAS EN TORNO A LA CAPACIDAD INSTITUCIONAL DE LAS ADMINISTRACIONES LOCALES -- REFERENCIAS.</subfield>
  </datafield>
  <datafield tag="520" ind1=" " ind2=" ">
    <subfield code="a">Esta obra es fruto del trabajo de investigaci&#xF3;n adelantado por los autores dentro de las l&#xED;neas de acci&#xF3;n del Centro de Pensamiento UNCaribe y el Observatorio de Gobernabilidad Local adscrito al Instituto de Desarrollo Pol&#xED;tico e Institucional (IDEPI), ambos de la Universidad del Norte. La obra que el lector tiene en sus manos se enmarca en la iniciativa del Centro de Pensamiento por articular y actualizar una serie de investigaciones publicadas en a&#xF1;os recientes sobre la gesti&#xF3;n administrativa de la paz en los territorios del Caribe colombiano. Los acuerdos de paz tienen como gran objetivo la construcci&#xF3;n de una paz territorial, es decir, el fortalecimiento del Estado local, y en ese proceso son fundamentales las administraciones locales, pues son las grandes protagonistas del proceso de implementaci&#xF3;n. Por esto, nos propusimos la tarea de analizar las condiciones de violencia presentes en el territorio, as&#xED; como las capacidades institucionales de los diferentes municipios donde inicialmente se ubicaron las Zonas Veredales o esos espacios donde se dieron los primeros pasos para la gesti&#xF3;n de la paz territorial, y en los que hoy d&#xED;a se est&#xE1;n implementando los planes de desarrollo con enfoque territorial; herramientas importantes en el proceso de construcci&#xF3;n de Estado desde los territorios.</subfield>
  </datafield>
  <datafield tag="588" ind1=" " ind2=" ">
    <subfield code="a">Descripci&#xF3;n basada en metadatos suministrados por el editor y otras fuentes.</subfield>
  </datafield>
  <datafield tag="590" ind1=" " ind2=" ">
    <subfield code="a">Recurso electr&#xF3;nico. Santa Fe, Arg.: elibro, 2022. Disponible v&#xED;a World Wide Web. El acceso puede estar limitado para las bibliotecas afiliadas a elibro.</subfield>
  </datafield>
  <datafield tag="650" ind1=" " ind2="4">
    <subfield code="a">Violencia</subfield>
    <subfield code="z">Caribe (Regi&#xF3;n, Colombia)</subfield>
  </datafield>
  <datafield tag="650" ind1=" " ind2="4">
    <subfield code="a">Conflicto armado</subfield>
    <subfield code="z">Caribe (Regi&#xF3;n, Colombia)</subfield>
  </datafield>
  <datafield tag="650" ind1=" " ind2="4">
    <subfield code="a">Administraci&#xF3;n p&#xFA;blica</subfield>
    <subfield code="z">Caribe (Regi&#xF3;n, Colombia)</subfield>
  </datafield>
  <datafield tag="650" ind1=" " ind2="4">
    <subfield code="a">Desarrollo regional</subfield>
    <subfield code="z">Caribe (Regi&#xF3;n, Colombia)</subfield>
  </datafield>
  <datafield tag="650" ind1=" " ind2="4">
    <subfield code="a">Acuerdo de paz</subfield>
    <subfield code="z">Caribe (Regi&#xF3;n, Colombia)</subfield>
  </datafield>
  <datafield tag="651" ind1=" " ind2="0">
    <subfield code="a">Colombia</subfield>
    <subfield code="x">Politics and government</subfield>
    <subfield code="y">21st century.</subfield>
  </datafield>
  <datafield tag="651" ind1=" " ind2="0">
    <subfield code="a">Colombia</subfield>
    <subfield code="x">History</subfield>
    <subfield code="y">21st century.</subfield>
  </datafield>
  <datafield tag="651" ind1=" " ind2="0">
    <subfield code="a">Atlantic Coast (Colombia)</subfield>
    <subfield code="x">History</subfield>
    <subfield code="y">21st century.</subfield>
  </datafield>
  <datafield tag="655" ind1=" " ind2="4">
    <subfield code="a">Libros electr&#xF3;nicos.</subfield>
  </datafield>
  <datafield tag="700" ind1="1" ind2=" ">
    <subfield code="a">Trejos Rosero, Luis Fernando.</subfield>
  </datafield>
  <datafield tag="700" ind1="1" ind2=" ">
    <subfield code="a">Tuir&#xE1;n Sarmiento, &#xC1;ngel Alberto.</subfield>
  </datafield>
  <datafield tag="700" ind1="1" ind2=" ">
    <subfield code="a">Badillo Sarmiento, Reynell Alberto.</subfield>
  </datafield>
  <datafield tag="700" ind1="1" ind2=" ">
    <subfield code="a">Mercado Ramos, Alberto Mario.</subfield>
  </datafield>
  <datafield tag="797" ind1="2" ind2=" ">
    <subfield code="a">elibro, Corp.</subfield>
  </datafield>
  <datafield tag="856" ind1="4" ind2="0">
    <subfield code="u">https://elibro.net/ereader/politecnicointernacional/185015</subfield>
  </datafield>
  <datafield tag="999" ind1=" " ind2=" ">
    <subfield code="c">60953</subfield>
    <subfield code="d">60953</subfield>
  </datafield>
</record>
